L'OMBRA DI DIO. L'INEFFABILE E I SUOI NOMI. (Record n. 265467)

Dettagli MARC
000 -LEADER
fixed length control field 01219nam a2200229Ia 4500
001 - CONTROL NUMBER
control field L231-6285
003 - CONTROL NUMBER IDENTIFIER
control field IT-CnALBA
008 - FIXED-LENGTH DATA ELEMENTS--GENERAL INFORMATION
fixed length control field 170116s9999||||xx |||||||||||||| ||und||
040 ## - CATALOGING SOURCE
Original cataloging agency IT-CnALBA
Transcribing agency IT-CnALBA
041 ## - LANGUAGE CODE
Language code of text/sound track or separate title ITALIANO
999 ## - SYSTEM CONTROL NUMBERS (KOHA)
Koha Dewey Subclass [OBSOLETE] NO
100 ## - MAIN ENTRY--PERSONAL NAME
Personal name GUERRIERO ELIO
245 #0 - TITLE STATEMENT
Title L'OMBRA DI DIO. L'INEFFABILE E I SUOI NOMI.
250 ## - EDITION STATEMENT
Edition statement 1a ed.
260 ## - PUBLICATION, DISTRIBUTION, ETC. (IMPRINT)
Place of publication, distribution, etc. CINISELLO BALSAMO (MI)
Name of publisher, distributor, etc. EDIZIONI PAOLINE
Date of publication, distribution, etc. 1991 [1° Ed.:1991 - Ed.Ling.Originale: 1991]
300 ## - PHYSICAL DESCRIPTION
Extent 23 p.
500 ## - GENERAL NOTE
General note ATTI DEL I CONVEGNO TEOLOGICO DI CINISELLO 1990. DIALETTICA E RIVELAZIONE. RIVELAZIONE DEL PADRE DI IGNAZIO DE LA POTTERIE. GESÙ RIVELATORE DI DIO DIBOFF GIAMPIERO. DIO SILENZIO PAROLA INCONTRO DI BRUNO FORTE. ESPERIENZA DEL DIVINO DI NATOLI SALVATORE. DE
501 ## - WITH NOTE
With note Società San Paolo EM - Piazza San Paolo, 14 - 12051 ALBA (CN) (non commercial uses only) ® Copyright 2017
520 ## - SUMMARY, ETC.
Summary, etc. ATTI DEL I CONVEGNO TEOLOGICO DI CINISELLO 1990. DIALETTICA E RIVELAZIONE. RIVELAZIONE DEL PADRE DI IGNAZIO DE LA POTTERIE. GESÙ RIVELATORE DI DIO DIBOFF GIAMPIERO. DIO SILENZIO PAROLA INCONTRO DI BRUNO FORTE. ESPERIENZA DEL DIVINO DI NATOLI SALVATORE. DE
650 ## - SUBJECT ADDED ENTRY--TOPICAL TERM
Topical term or geographic name as entry element DIO TRINITÀ ATTRIBUTI DI DIO
942 ## - ADDED ENTRY ELEMENTS (KOHA)
Koha item type LIBRO
957 ## -
-- 1
999 ## - SYSTEM CONTROL NUMBERS (KOHA)
-- Copie: 1
Dati di copia
Withdrawn status Lost status Damaged status Not for loan Home library Current library Date acquired Total Checkouts Full call number Date last seen Price effective from Koha item type Public note
    Buone Condizioni Not For Loan ALBA - Biblioteca ALBA - Biblioteca 16/01/2017   L231-6285 16/01/2017 16/01/2017 LIBRO (data import: 16 gennaio 2017) - By Epidotti, Vaglietti.
CREDITS: SOCIETA' SAN PAOLO Via A.Severo, 58 - ROMA (RM) & PERIODICI SAN PAOLO SRL Via Giotto, 36 MILANO & CISF Via Giotto, 36 MILANO & EDIZIONI SAN PAOLO SRL,  Piazza Soncino, 5 CINISELLO BALSAMO (MI) -- ITALY